000 00736nam a2200229Ii 4500
003 JO-AjNU
008 230605s9999||||xx |||||||||||||| ||und||
017 _a2009/4/1283
020 _a978-9957-32-445-2
040 _aJO-AjNU
_bara
_erda
_cJO-AjNU
041 _aara
050 1 4 _aHD37.A7.J38.2010
100 3 _aجواد،شوقي ناجي,
_eauthor
_931840
245 0 0 _aالمرجع المتكامل في ادارة الاعمال منظور كلي
250 _aط1
264 3 1 _aعمان:دار الحامد للنشر والتوزيع،2010
300 _a550ص
336 _atext
_btxt
_2rdacontent
337 _aunmediated
_bn
_2rdamedia
338 _avolume
_bnc
_2rdacarrier
650 4 _aادارة الاعمال
_931841
999 _aA12782
_c16350
_d16350